00698nam a2200169 a 450000100100000000500170001000800410002704000250006810000530009324501240014626000520027030000200032270000350034270000290037795201050040699900170051100004431020201002045302.0140613s2000 dr a 000 0 spa d aDO-SdBNPbspacBNPHU1 aRavárez Justo, Manuel Aurelioq(Manolo)97231510aGalería histórica /cManuel Aurelio Tavárez Justo (Manolo); editor Henry A. Rojas L. ; ilustraciones Elvis Matos. aSanto Domingo :bGráficos Hernández,c2000. a74 p. ;c23 cm.12aRojas L., Henry A.eed.91794212aMatos, Elviseil.972316 0010718PDaPDbPDcCTd2014-06-13iLF1l0o p44310-10r2020-06-25w2020-06-25yLFPDZNo se presta c43799d43799